La burguesía mexicana : el emporio Braniff y su participación política, 1865-1920 /

Estudio sobre el posicionamiento y consolidación de los Braniff, familia norteamericana inversionista en México, desde el último tercio del siglo XIX hasta el año 1920. En paralelo la autora también da cuenta de la historia del país en ese período, a través de las relaciones coyunturales de la famil...

Ful tanımlama

Kaydedildi:
Detaylı Bibliyografya
Yazar: Collado Herrera, María del Carmen (autor)
Diğer Yazarlar: Meyer, Eugenia (prefacio) (prefacio)
Materyal Türü: Kitap
Dil:İspanyolca
Baskı/Yayın Bilgisi: México : Siglo XXI, 1987, c1987
Seri Bilgileri:(Sociología y Política)
Konular:
Etiketler: Etiketle
Etiket eklenmemiş, İlk siz ekleyin!

MARC

LEADER 00000nam^a2200000^a^4500
001 000352458
005 20250521000000.0
009 20260310115041.052
020 |a 968-23-1426-7 
037 |a Acervo Xavier Clavigero 
041 |a ESP 
082 |a 972.  |b COL 
100 |a Collado Herrera, María del Carmen  |e (autor) 
245 1 3 |a La burguesía mexicana :  |b el emporio Braniff y su participación política, 1865-1920 /  |c M.C. Collado ; pref. de E. Meyer. 
264 4 |a México :  |b Siglo XXI,  |c 1987, c1987 
300 |a 174 p. 
336 |a texto  |b txt  |2 rdacontenido 
337 |a sin mediación  |b n  |2 rdamedio 
338 |a volumen  |b nc  |2 rdasoporte 
440 1 |a (Sociología y Política) 
520 |a Estudio sobre el posicionamiento y consolidación de los Braniff, familia norteamericana inversionista en México, desde el último tercio del siglo XIX hasta el año 1920. En paralelo la autora también da cuenta de la historia del país en ese período, a través de las relaciones coyunturales de la familia con los gobiernos en turno y sus inversiones, que la llevaron a amasar una gran fortuna e influencia. 
649 |a XX 
650 |a Empresarios Norteamericanos 
650 |a Burguesía -  |z México -  |x Historia 
650 |a Clase Alta -  |z México -  |x Historia 
650 |a Clases Sociales -  |z México -  |x Historia 
650 |a Inversiones Extranjeras -  |z México -  |x Historia 
650 |a Política Económica -  |z México -  |x Historia 
650 |a Economía -  |z México -  |x Historia -  |y Siglo XIX 
650 |a Economía -  |z México -  |x Historia -  |y Siglo XX 
650 |a Política -  |z México -  |x Historia -  |y Siglo XIX 
650 |a Política -  |z México -  |x Historia -  |y Siglo XX 
650 |a México -  |x Historia -  |y Porfirismo, 1876-1911 -  |x Tema Principal 
650 |a México -  |x Historia -  |y Revolución, 1910-1917 -  |x Tema Principal 
650 |a México -  |x Historia -  |y Régimen Carrancista, 1917-1920 -  |x Tema Principal 
650 |a México -  |x Historia -  |y Siglo XIX 
650 |a México -  |x Historia -  |y Siglo XX 
700 |a Meyer, Eugenia  |e (prefacio) 
910 |a Fondo General 
920 |a Impresos - Libros 
930 |a Colección General 
905 |a 101 
901 |a 039691  |b IT1  |c ACC  |u 20250521 
901 |a 043466  |b IT1  |c ACC  |u 20250521 
902 |a https://opac.biblio.iteso.mx/vufind/Record/000352458